Antenna theory and wave propagation (Record no. 173106)

MARC details
000 -LEADER
fixed length control field 00378nam a2200145Ia 4500
008 - FIXED-LENGTH DATA ELEMENTS--GENERAL INFORMATION
fixed length control field 231217s9999 xx 000 0 und d
041 ## - LANGUAGE CODE
Language code of text/sound track or separate title English
082 ## - DEWEY DECIMAL CLASSIFICATION NUMBER
Classification number 621.384135 SOU
100 ## - MAIN ENTRY--PERSONAL NAME
Personal name Soundara Rajan, V
245 #0 - TITLE STATEMENT
Title Antenna theory and wave propagation
260 ## - PUBLICATION, DISTRIBUTION, ETC.
Date of publication, distribution, etc. 2001
Name of publisher, distributor, etc. Scitech Publ.
Place of publication, distribution, etc. Chennai
300 ## - PHYSICAL DESCRIPTION
Extent 6.26
650 ## - SUBJECT ADDED ENTRY--TOPICAL TERM
Topical term or geographic name entry element Antenna,wave,propagation
942 ## - ADDED ENTRY ELEMENTS (KOHA)
Koha item type Books
Holdings
Date last seen Total checkouts Full call number Accession number Cost, total (INR) price Price effective from Category Public note Lost status Damaged status Department Withdrawn status Home library Current library Shelving location Entry date Vendor Cost, normal purchase price Grants Billdate Currency symbol Conversion rate Discount Old discount
26/01/2024   621.384135 SOU 30093 140.00 26/01/2024 Books TC Department     Central Library   Central Library Central Library Central Library 28/09/2004 Publisher 140.00 TC 27/01/2007 RS 1    

© For any Suggestions or Query, please contact the library staff @ librarian@pes.edu or Phone: +9180 2672 1983/ 2108.